[Event "Lisbon Portugal op"]
[Site "Lisbon"]
[Date "2020.01.25"]
[Round "1"]
[White "Jaracz, Barbara"]
[Black "Azinheira, Andre Torres"]
[Result "1-0"]
[WhiteElo "2200"]
[BlackElo "1634"]
[PlyCount "87"]
[EventDate "2020.01.25"]
[EventType "swiss"]
[EventRounds "9"]
[EventCountry "POR"]
[SourceTitle "EXT 2021"]
[Source "ChessBase"]
[SourceDate "2020.10.23"]
[SourceVersion "1"]
[SourceVersionDate "2020.10.23"]
[SourceQuality "1"]

1. e4 c5 2. Nf3 g6 3. d4 cxd4 4. Nxd4 Nc6 5. Nc3 Bg7 6. Be3 Nf6 7. f3 0-0 8. Qd2 d5 9. Nxc6 bxc6 10. e5 Nd7 11. f4 Qa5 12. a3 Rb8 13. Ra2 Qc7 14. Be2 f6 15. e6 Nb6 16. f5 Qd8 17. g4 Bb7 18. 0-0 Rc8 19. b4 Ra8 20. Bd4 Qc7 21. Bd3 g5 22. Qf2 Nc8 23. Na4 Nd6 24. Bxa7 Ba6 25. Bb6 Qc8 26. Nc3 Bc4 27. Bxc4 Nxc4 28. a4 Qb7 29. Bc5 Rfb8 30. a5 Bf8 31. Rfa1 Qa6 32. Qd4 Ne5 33. Kf2 Qc4 34. Qxc4 Nxc4 35. a6 Nd6 36. a7 Rb7 37. Ra6 Nb5 38. Nxb5 cxb5 39. Ke3 h5 40. h3 Rc7 41. Kd4 Rcc8 42. Rb6 Rd8 43. Rxb5 Kg7 44. Rb7 1-0